| 000 | 00000nam##2200000za#4500 |
| 001 | 9.570375 |
| 003 | CaOODSP |
| 005 | 20210624182218 |
| 007 | cr ||||||||||| |
| 008 | 150406|2008||||xxc|||||o f|0| 0 eng|d |
| 040 | |aCaOODSP|beng |
| 043 | |an-cn--- |
| 086 | 1 |aIu182-1/2008-1E-PDF |
| 110 | 1 |aCanada. |bIndustry Canada. |bMicro-Economic Policy Analysis Branch. |
| 245 | 10|aCommercializing university inventions : |h[electronic resource]|bare Canadians less productive than Americans? / |c[by] Ajay Agrawal. |
| 260 | |aOttawa - Ontario : |bIndustry Canada. |
| 300 | |a59p.|bgraphs, references, tables |
| 490 | 1 |aWorking paper series|v2008-01 |
| 546 | |a(Résumé en français.) |
| 590 | |a12-10-Supp|b2012-03-23 |
| 720 | 1 |aAgrawal, Ajay |
| 830 | #0|aWorking paper series ;|v2008-01|w(CaOODSP)9.504818 |
| 856 | 40|ahttp://publications.gc.ca|qPDF|s307 KB|uhttps://publications.gc.ca/collections/collection_2011/ic/Iu182-1-2008-1-eng.pdf|y2008-01 |
| 986 | |aIC 60491 |